Introduction to psychology: active learning thruogh modules (Record no. 31501)

MARC details
000 -LEADER
fixed length control field 00491nam a2200193Ia 4500
020 ## - INTERNATIONAL STANDARD BOOK NUMBER
ISBN 9781111343590
050 ## - CALL MARK
Classification number BF 121 .C66/
100 ## - STATEMENT OF RESPONSIBILITY--MAIN AUTHOR NAME
Personal name Coon, Dennis
245 #0 - TITLE STATEMENT
Title Introduction to psychology: active learning thruogh modules
250 ## - EDITION / VOLUME STATEMENT
Edition / Volume statement 12th ed.
260 ## - PUBLICATION, DISTRIBUTION, ETC. (IMPRINT)
Place of publication United State
260 ## - PUBLICATION, DISTRIBUTION, ETC. (IMPRINT)
Name of publisher WADSWORTH cengage learning
260 ## - PUBLICATION, DISTRIBUTION, ETC. (IMPRINT)
Year of publication 2012
300 ## - PHYSICAL DESCRIPTION
Number of Pages 720 p
650 ## - SUBJECT ADDED ENTRY--TOPICAL TERM
Topical Term Psychology.
942 ## - ADDED ENTRY ELEMENTS (KOHA)
Koha item type Books
Holdings
Withdrawn status Lost status Source of classification or shelving scheme Damaged status Not for loan Permanent Location Current Location Shelving location Date acquired Accession Number Price effective from Koha item type
    Library of Congress Classification     NILE UNIVERSITY OF NIGERIA - MAIN LIBRARY NILE UNIVERSITY OF NIGERIA - MAIN LIBRARY Items on shelf 04/23/2025 0191484 04/23/2025 Books